Eppu Normaalin albumit - Statistics

Yleistilastot
  • Tätä visaa on pelattu 154 kertaa
  • Keskiarvotulos 14 / 26
Vastaustilastot
Studioalbumi Vastaus % Oikein
1980 Akun tehdas
83%
1978 Aknepop
82%
1986 Valkoinen kupla
80%
1985 Kahdeksas ihme
74%
1979 Maximum Jee & Jee
70%
1996 Repullinen hittejä
70%
1988 Imperiumin vastaisku
67%
1993 Studio Etana
62%
1983 Aku ja köyhät pojat
61%
1982 Tie vie
60%
1984 Rupisia riimejä, karmeita tarinoita
59%
1990 Historian suurmiehiä
55%
2004 Sadan vuoden päästäkin
53%
1984 Hatullinen paskaa
52%
1991 Paskahatun paluu
52%
2016 Ratina
51%
2011 Mutala
50%
2007 Syvään päähän
50%
1981 Cocktail Bar
49%
2003 Reppu 2 - toinen repullinen kuolemattomia Eppu-klassikoita
36%
1980 Elävänä Euroopassa
34%
1982 Pop pop pop
24%
2009 Jackpot – 101 Eppu-klassikkoa 1978–2009
23%
1994 Onko vielä pitkä matka jonnekin?
23%
1987 Aku, Juha, Martti ja Mikko2 - Soolot
15%
1989 Lyömättömät
14%
Ehtoja vastaavia visoja ei löytynyt
Tulosjakauma
Jokaisen tuloksen saaneiden osuus
Persentiili vastausten määrän mukaan
Tuloshistoriasi
Et ole pelannut tätä visaa